000 00832nam a2200265 4500
001 29260
003 BD-RjUL
005 20211209051406.0
008 140403 1965ka E 00110 en1 d eng d
020 _a071003623X
035 _a(BD-RjUL)29345
035 _a(BD-RjUL)
040 _aVDU
_cVDU
_beng
_dBD-RjUL
041 _aeng
082 1 _a401.9
_219
_bSHS 1965
100 1 0 _aShwayder, D. S.
_989308
245 1 4 _aThe stratification of behaviour :
_ba system of definitions propounded and defended /
_cD.S. Shwayder.
260 0 _aLondon :
_bRoutledge & Kegan Paul,
_c1965.
300 _axvi, 411 p. :
_bill. ;
_c23 cm.
490 0 _aInternational library of philosophy and scientific method
500 _aIncludes index.
650 0 _aPsycholinguistics.
_989309
650 0 _aPsychology, Comparative.
_95510
942 _2ddc
_cBK
999 _c29260
_d29260